[Event "Geller Memorial op-A 7th"]
[Site "Odessa"]
[Date "2011.08.21"]
[Round "2"]
[White "Varchenko, Grigory"]
[Black "Rudenko, Serhiy"]
[Result "1-0"]
[WhiteElo "2119"]
[BlackElo "1930"]
[PlyCount "81"]
[EventDate "2011.08.20"]
[EventType "swiss"]
[EventRounds "9"]
[EventCountry "UKR"]
[SourceTitle "EXT 2014"]
[Source "ChessBase"]
[SourceDate "2013.11.20"]
[SourceVersion "1"]
[SourceVersionDate "2013.11.20"]
[SourceQuality "1"]

1. e4 g6 2. d4 Bg7 3. f4 d6 4. Nf3 Nd7 5. Bc4 e6 6. 0-0 Ne7 7. a4 0-0 8. Nc3 a6 9. Be3 Re8 10. Kh1 d5 11. Bd3 dxe4 12. Nxe4 Nf5 13. Bg1 Nf6 14. c3 Nd5 15. Qd2 Nd6 16. Ne5 Rb8 17. a5 Nxe4 18. Bxe4 f6 19. Nd3 b6 20. c4 f5 21. Bf3 Ne7 22. Qe3 bxa5 23. Rxa5 Rb3 24. Ra3 Rxa3 25. bxa3 Qd6 26. Ne5 a5 27. Rb1 Kf8 28. Rb5 Qa6 29. Qc3 Rd8 30. Qxa5 Bxe5 31. fxe5 Qxa5 32. Rxa5 Ke8 33. Ra7 Kd7 34. d5 exd5 35. cxd5 Ke8 36. Rxc7 Rd7 37. Rc5 Bb7 38. d6 Bxf3 39. gxf3 Ng8 40. Be3 Kf7 41. Rc8 1-0

[Event "Geller Memorial op-A 6th"]
[Site "Odessa"]
[Date "2010.08.26"]
[Round "6"]
[White "Rudenko, Serhiy"]
[Black "Mirzoev, Emil"]
[Result "1/2-1/2"]
[WhiteElo "1906"]
[BlackElo "2109"]
[PlyCount "38"]
[EventDate "2010.08.21"]
[EventType "swiss"]
[EventRounds "9"]
[EventCountry "UKR"]
[SourceTitle "CBM 138 Extra"]
[Source "ChessBase"]
[SourceDate "2010.10.29"]
[SourceVersion "1"]
[SourceVersionDate "2010.10.29"]
[SourceQuality "1"]

1. d4 Nf6 2. c4 e6 3. Nc3 Bb4 4. Qc2 c5 5. a3 Bxc3+ 6. bxc3 d5 7. e3 0-0 8. Nf3 Nc6 9. Bd3 b6 10. 0-0 Na5 11. cxd5 exd5 12. Rb1 Be6 13. Ng5 h6 14. Nxe6 fxe6 15. dxc5 bxc5 16. c4 Rc8 17. Rd1 Qc7 18. cxd5 exd5 19. Bf5 Rce8 1/2-1/2

[Event "Geller Memorial op-A 5th"]
[Site "Odessa"]
[Date "2009.08.27"]
[Round "8"]
[White "Zingaylo, Anastasiya"]
[Black "Rudenko, Serhiy"]
[Result "1-0"]
[WhiteElo "2070"]
[BlackElo "1927"]
[PlyCount "49"]
[EventDate "2009.08.20"]
[EventType "swiss"]
[EventRounds "9"]
[EventCountry "UKR"]
[SourceTitle "CBM 132 Extra"]
[Source "ChessBase"]
[SourceDate "2009.11.03"]
[SourceVersion "1"]
[SourceVersionDate "2009.11.03"]
[SourceQuality "1"]

1. e4 c5 2. c3 Nf6 3. e5 Nd5 4. d4 cxd4 5. Nf3 Nc6 6. Bc4 Nb6 7. Bb3 e6 8. cxd4 d5 9. exd6 Bxd6 10. Nc3 0-0 11. 0-0 a6 12. a3 Qc7 13. Qd3 Rd8 14. Be3 Bf8 15. h4 e5 16. Ng5 g6 17. Nxf7 Qxf7 18. Bxf7+ Kxf7 19. d5 Bf5 20. Qe2 Nd4 21. Bxd4 exd4 22. g4 dxc3 23. gxf5 gxf5 24. Qe6+ Kg7 25. Kh1 1-0